00982nam a2200229 a 450000100100000000500170001000800410002704000250006808200200009311000560011324500560016926000480022530000330027359000270030665000800033365000340041365000850044770000470053291000380057995201180061799900170073500003027720260305073956.0110505s2004 dr ac 001 0 spa d aDO-SdBNPbspacBNPHU a658.048bF981me2 aFundación Global Democracía y Desarrollo92547710aMemorias 2004 /cintroducción Leonel Fernández. aSanto Domingo :bFUNGLODE,c2004.fCorripio a173 :bil., retrs. ;c29 cm. aInventariado, 2018/ YL 4aOrganizaciones sin ánimo de lucroxCorrespondencia, memorias, etc.956956 4aActividades culturales911344 4aAdministración de proyectos culturalesxCorrespondencia, memorias, etc.9569571 aFernández, Leonel,d1953-eintrod.97291 aValidado. Control de calidad EMS. 0010718PDaPDbPDcHDd2011-05-05iLF1l0o658.048 F981mep30277-10r2020-06-25w2020-06-25yLFPDZNo se presta c29769d29769